000 00921nam a2200193Ia 4500
999 _c44266
_d44266
001 11024
003 GE_BSU
005 20221216144524.0
008 181216s1980ge xx |||||||||||||| ||geo||
040 _cGE_BSU
041 _ageo
080 _a031=353.1 ქ-27
245 _aქართული საბჭოთა ენციკლოპედია :
_bტ.5 თუთია–კოქტეილი /
_cმთ. რედ: ირ. აბაშიძე [ და სხვ]
264 _aთბილისი :
_bმთ. სამეცნ. რედაქცია,
_c1980.
300 _a704 გვ. :
_bილ., რუკა, სქ.
_c27სმ.
653 _aქართული საბჭოთა ენციკლოპედია ტ.5 თუთია–კოქტეილი
700 _aაბაშიძე, ირ
_eმთავარი რედაქტორი
_916459
942 _cBK
_2udc